[Event "NED-ch 1995"]
[Site "Amsterdam"]
[Date "1995.??.??"]
[Round "4"]
[White "Reinderman, Dimitri"]
[Black "Cifuentes Parada, Roberto"]
[Result "1-0"]
[WhiteElo "2440"]
[BlackElo "2535"]
[PlyCount "73"]
[EventDate "1995.06.??"]
[Source "ChessBase"]
[SourceDate "2004.01.01"]

1. e4 d6 2. Nc3 c5 3. f4 Nc6 4. Nf3 g6 5. Bc4 Bg7 6. O-O e6 7. d3 Nge7 8. Qe1
h6 9. Bb3 a6 10. Be3 Na5 11. e5 Nxb3 12. axb3 Nf5 13. Ne4 O-O 14. Bf2 b6 15. b4
dxe5 16. fxe5 Nd4 17. Nxd4 cxd4 18. Nd6 Qc7 19. Rc1 Bd7 20. Bxd4 a5 21. b5 f5
22. Qe3 Rab8 23. c4 Qd8 24. Bc3 h5 25. d4 Kh7 26. Bd2 Rg8 27. Ra1 Bf8 28. b4
axb4 29. Ra7 Rg7 30. Qh6+ Kg8 31. Bg5 Be7 32. h4 Bxg5 33. Qxg5 Be8 34. Rxg7+
Kxg7 35. Rb1 Ra8 36. Qxd8 Rxd8 37. Rxb4 1-0

[Event "NED-ch 1995"]
[Site "Amsterdam"]
[Date "1995.??.??"]
[Round "4"]
[White "Sosonko, Gennadi"]
[Black "Sokolov, Ivan"]
[Result "0-1"]
[WhiteElo "2535"]
[BlackElo "2645"]
[Annotator "Huebner,R"]
[PlyCount "115"]
[EventDate "1995.06.??"]
[Source "ChessBase"]
[SourceDate "2004.01.01"]

1. d4 {King} 1... d5 2. Nf3 c6 3. c4 dxc4 4. Nc3 b5 5. g3 e6 6. Bg2 Nd7 7. O-O
Ngf6 8. Bg5 Bb7 9. a4 b4 10. Ne4 Be7 11. Bxf6 gxf6 12. Qc1 {
Der Ausflug nach h6 ist zweischneidig. Solide war} (12. Rc1 $5 c5 (12... Ba6
13. Ned2 $16) 13. Nxc5 Nxc5 14. dxc5 $14) 12... Ba6 13. Qh6 {Die Rueckeroberung
des P auf c4 geht nun nicht ohne Weiteres vonstatten, weil der P auf e2
ungedeckt ist.} 13... Qa5 14. Qg7 Rf8 15. Qxh7 O-O-O 16. Rfc1 Nb6 17. e3 Nd5
18. Bf1 f5 19. Ned2 c3 20. bxc3 Nxc3 21. Ne5 {Diese Abwicklung fuehrt zu einer
aussichtsreichen Stellung fuer Schwarz. Der P auf c6 ist nicht wichtig;
dagegen ist es bedeutsam, dass die weisse Dame ausser Spiel bleibt. In
Betracht kam die Fortsetzung} (21. Nb3 $5 Qb6 22. Ne5 (22. a5 Qb7 23. Ne5 Bxf1
24. Rxf1 c5 {ueberlaesst dem Schwarzen die Initiative.}) 22... Bxf1 23. Rxf1
$13) 21... Bxf1 22. Nxc6 Qc7 23. Nxe7+ Qxe7 24. Nxf1 Kb8 25. Qh5 Rh8 26. Qf3
Qb7 27. Qxb7+ Kxb7 {King There is one more feature of positions where the K
castle on opposite wings that I failed to mention when I wrote the original
article: the endgames that arise can often develop into a race. Apart from
this game I would refer you to Mortensen-Ye Rongguan, Nisipeanu-Moldovan,
Jukic-Sulava, and Djurhuus-Hellsten in this collection of games. In this game,
in spite of being a P down, Black has a clear advantage because of the power
of the Pb4 which supports the Nc3, which in turn dominates the two white R. If
the white K had been placed on the other side of the board blockading the bP,
then the assessment of the position would have to be altered.} 28. Kg2 $2 (28.
Rc2 $13 {war staerker; Weiss kommt zu dem Manoever Nf1-d2-b3.}) 28... e5 $1 29.
dxe5 Rd3 30. Rc2 Rhd8 31. h4 Kb6 32. e4 {Weiss versucht, seinen N zu
aktivieren, bevor der schwarze bP uebermaechtig wird.} 32... fxe4 33. a5+ {
Ich verstehe nicht, warum Weiss die Stellung des gegnerischen K freiwillig
verbessert.} (33. Ne3 $5 {
sieht besser aus. Nach dem Textzug sehe ich keine Rettung mehr fuer Weiss.})
33... Kb5 34. h5 b3 35. Rb2 Na4 36. Re2 Rd1 37. Rxd1 Rxd1 38. Ne3 Rd8 39. Nf5
b2 40. Nd6+ Kc6 41. Re1 Nc3 42. h6 Rf8 43. g4 Kd7 44. h7 Rh8 45. Nxe4 b1=Q 46.
Rxb1 Nxb1 47. f4 Ke7 48. Nf6 Ke6 (48... Nd2 $5) 49. Ne4 Na3 50. a6 Nc4 51. Ng5+
Ke7 52. Kg3 f6 53. exf6+ Kxf6 54. Kh4 Nd6 55. Kh5 Kg7 56. f5 Rb8 57. f6+ Kxf6
58. Kh6 0-1

[Event "NED-ch 1995"]
[Site "Amsterdam"]
[Date "1995.??.??"]
[Round "4"]
[White "Van Wely, Loek"]
[Black "Brenninkmeijer, Joris"]
[Result "1/2-1/2"]
[WhiteElo "2575"]
[BlackElo "2490"]
[PlyCount "46"]
[EventDate "1995.06.??"]
[Source "ChessBase"]
[SourceDate "2004.01.01"]

1. d4 d5 2. c4 dxc4 3. Nf3 a6 4. e4 b5 5. a4 Bb7 6. Nc3 b4 7. Bxc4 e6 8. Qb3
Nd7 9. Ng5 Qe7 10. Ne2 Ngf6 11. e5 Nd5 12. O-O h6 13. Ne4 Qh4 14. f4 c5 15. Qf3
cxd4 16. Nxd4 Rc8 17. b3 Nc3 18. Nd6+ Bxd6 19. Qxb7 Rxc4 20. bxc4 Bc5 21. Be3
Bxd4 22. Bxd4 Ne2+ 23. Kh1 Ng3+ 1/2-1/2

[Event "NED-ch 1995"]
[Site "Amsterdam"]
[Date "1995.??.??"]
[Round "4"]
[White "Van der Wiel, John"]
[Black "Van der Sterren, Paul"]
[Result "0-1"]
[WhiteElo "2570"]
[BlackElo "2560"]
[PlyCount "66"]
[EventDate "1995.06.??"]
[Source "ChessBase"]
[SourceDate "2004.01.01"]

1. e4 e5 2. Nf3 Nc6 3. d4 exd4 4. Nxd4 Nf6 5. Nxc6 bxc6 6. e5 Ne4 7. Nd2 Nxd2
8. Bxd2 d5 9. Qf3 Qh4 10. Bd3 Bc5 11. Qg3 Qxg3 12. hxg3 Rb8 13. Bc3 d4 14. Ba5
Rxb2 15. Bxc7 Be6 16. a3 Kd7 17. Ba5 Bxa3 18. Rxh7 Rxh7 19. Bxh7 Bc5 20. Be4 g6
21. f4 Bf5 22. Bxf5+ gxf5 23. Kd2 Ke6 24. Kd3 Kd5 25. Rh1 Ra2 26. Bd2 Ra3+ 27.
c3 dxc3 28. Bc1 Ra1 29. Kc2 Kc4 30. Rh6 Ra2+ 31. Kd1 Kd3 32. Rh8 Rxg2 33. Rd8+
Bd4 0-1

[Event "NED-ch 1995"]
[Site "Amsterdam"]
[Date "1995.??.??"]
[Round "4"]
[White "Wiersma, Eelke"]
[Black "Nijboer, Friso"]
[Result "0-1"]
[WhiteElo "2180"]
[BlackElo "2510"]
[PlyCount "88"]
[EventDate "1995.06.??"]
[Source "ChessBase"]
[SourceDate "2004.01.01"]

1. e4 d6 2. d4 g6 3. Nc3 Bg7 4. Be3 c6 5. Qd2 b5 6. f3 a6 7. Be2 Nd7 8. Nh3
Ngf6 9. O-O O-O 10. Rfd1 Bb7 11. Bh6 e5 12. Bxg7 Kxg7 13. Nf2 Qb6 14. Kf1 Rad8
15. a4 Rfe8 16. axb5 cxb5 17. dxe5 dxe5 18. Qd6 Qxd6 19. Rxd6 Nc5 20. Rxd8 Rxd8
21. Rd1 Rc8 22. Nd3 Nxd3 23. Bxd3 Kf8 24. Na2 Ke7 25. Ke2 Nd7 26. c3 Nc5 27.
Nb4 a5 28. Nd5+ Bxd5 29. exd5 Nxd3 30. Kxd3 Kd6 31. Ra1 a4 32. b3 axb3 33. Ra3
Rc5 34. Rxb3 Rxd5+ 35. Kc2 f5 36. Ra3 e4 37. Ra8 e3 38. Rd8+ Kc6 39. Re8 Rd2+
40. Kb3 Rxg2 41. Rxe3 Rxh2 42. c4 bxc4+ 43. Kxc4 Kd6 44. Kd3 Rf2 0-1

[Event "NED-ch 1995"]
[Site "Amsterdam"]
[Date "1995.??.??"]
[Round "5"]
[White "Brenninkmeijer, Joris"]
[Black "Piket, Jeroen"]
[Result "1/2-1/2"]
[WhiteElo "2490"]
[BlackElo "2670"]
[PlyCount "32"]
[EventDate "1995.06.??"]
[Source "ChessBase"]
[SourceDate "2004.01.01"]

1. d4 g6 2. c4 Bg7 3. e4 d6 4. Nc3 Nf6 5. Bd3 O-O 6. Nge2 Nc6 7. O-O Nd7 8. Be3
e5 9. d5 Nd4 10. Bc2 Nxc2 11. Qxc2 f5 12. exf5 gxf5 13. f4 Nf6 14. h3 Nh5 15.
c5 b6 16. c6 a5 1/2-1/2

[Event "NED-ch 1995"]
[Site "Amsterdam"]
[Date "1995.??.??"]
[Round "5"]
[White "Cifuentes Parada, Roberto"]
[Black "Wiersma, Eelke"]
[Result "1-0"]
[WhiteElo "2535"]
[BlackElo "2180"]
[PlyCount "53"]
[EventDate "1995.06.??"]
[Source "ChessBase"]
[SourceDate "2004.01.01"]

1. d4 Nf6 2. Nf3 g6 3. Bg5 Bg7 4. Nbd2 c5 5. Bxf6 Bxf6 6. Ne4 Bxd4 7. Nxd4 cxd4
8. Qxd4 O-O 9. c4 Nc6 10. Qd2 d6 11. Nc3 Be6 12. e4 Rc8 13. Be2 Qb6 14. Rd1 Ne5
15. b3 f5 16. exf5 Rxf5 17. O-O Rcf8 18. Qd4 Qxd4 19. Rxd4 Rf4 20. Rd2 Kg7 21.
Nb5 Nc6 22. g3 R4f7 23. f4 Bh3 24. Rf2 a6 25. Nc3 g5 26. Ne4 g4 27. c5 1-0

[Event "NED-ch 1995"]
[Site "Amsterdam"]
[Date "1995.??.??"]
[Round "5"]
[White "Nijboer, Friso"]
[Black "Sosonko, Gennadi"]
[Result "1/2-1/2"]
[WhiteElo "2510"]
[BlackElo "2535"]
[PlyCount "65"]
[EventDate "1995.06.??"]
[Source "ChessBase"]
[SourceDate "2004.01.01"]

1. e4 c5 2. Nf3 d6 3. d4 cxd4 4. Nxd4 Nf6 5. Nc3 Nc6 6. Bc4 e6 7. Be3 Be7 8.
O-O O-O 9. Bb3 Nxd4 10. Bxd4 Bd7 11. Bxf6 Bxf6 12. Qxd6 Bc6 13. Qf4 Bxc3 14.
bxc3 Qb6 15. Qe5 Qb5 16. Qxb5 Bxb5 17. c4 Ba6 18. Rfd1 Rac8 19. Rd7 Rfd8 20.
Rad1 Rxd7 21. Rxd7 g5 22. g3 Kg7 23. Rd4 Kf6 24. f4 gxf4 25. gxf4 e5 26. Rd5
Bxc4 27. Rxe5 Bxb3 28. cxb3 Rc1+ 29. Kf2 Rc2+ 30. Kg3 Rxa2 31. Rf5+ Ke6 32.
Re5+ Kf6 33. Rf5+ 1/2-1/2

[Event "NED-ch 1995"]
[Site "Amsterdam"]
[Date "1995.??.??"]
[Round "5"]
[White "Riemersma, Liafbern"]
[Black "Van der Wiel, John"]
[Result "1/2-1/2"]
[WhiteElo "2430"]
[BlackElo "2570"]
[PlyCount "85"]
[EventDate "1995.06.??"]
[Source "ChessBase"]
[SourceDate "2004.01.01"]

1. e4 c5 2. Nf3 d6 3. d4 cxd4 4. Nxd4 Nf6 5. Nc3 Nc6 6. Bc4 e6 7. O-O Be7 8.
Bb3 O-O 9. Be3 a6 10. f4 Nxd4 11. Bxd4 b5 12. e5 dxe5 13. fxe5 Nd7 14. Ne4 Bb7
15. Nd6 Bxd6 16. exd6 Qg5 17. Qe2 a5 18. a4 b4 19. c4 bxc3 20. bxc3 Ra6 21. Rf2
Rxd6 22. Qb5 Qxb5 23. axb5 e5 24. Ba7 Rd3 25. Rd1 Rxd1+ 26. Bxd1 Ra8 27. Bb3
Nf6 28. Bb6 a4 29. Ba2 Nd5 30. Bc5 Nxc3 31. Rxf7 Bd5 32. Bxd5 Nxd5 33. Rd7 Nf6
34. Rc7 a3 35. Bxa3 Rxa3 36. b6 Ne4 37. Kf1 Nd6 38. Rd7 Rb3 39. Rxd6 Kf7 40.
Kf2 Ke7 41. Rc6 g6 42. h4 Kd7 43. Rf6 1/2-1/2

[Event "NED-ch 1995"]
[Site "Amsterdam"]
[Date "1995.??.??"]
[Round "5"]
[White "Sokolov, Ivan"]
[Black "Van Wely, Loek"]
[Result "1-0"]
[WhiteElo "2645"]
[BlackElo "2575"]
[PlyCount "65"]
[EventDate "1995.06.??"]
[Source "ChessBase"]
[SourceDate "2004.01.01"]

1. d4 Nf6 2. c4 g6 3. Nc3 Bg7 4. e4 d6 5. Nf3 O-O 6. Be2 e5 7. O-O Nc6 8. d5
Ne7 9. b4 Nh5 10. Re1 h6 11. Nd2 Nf4 12. Bf1 f5 13. c5 g5 14. cxd6 cxd6 15. Nc4
g4 16. b5 Rf6 17. Qb3 Kh7 18. b6 a6 19. Ba3 Rg6 20. Rac1 h5 21. Qb4 Bf8 22. Qb1
h4 23. Ne3 g3 24. fxg3 hxg3 25. exf5 gxh2+ 26. Kh1 Nxf5 27. Nxf5 Nh3 28. Nd1
Qg5 29. Rc7+ Kg8 30. Nfe3 Qg3 31. Bb4 a5 32. Bd2 Rh6 33. Nf5 1-0

[Event "NED-ch 1995"]
[Site "Amsterdam"]
[Date "1995.??.??"]
[Round "6"]
[White "Reinderman, Dimitri"]
[Black "Riemersma, Liafbern"]
[Result "1-0"]
[WhiteElo "2440"]
[BlackElo "2430"]
[PlyCount "107"]
[EventDate "1995.06.??"]
[Source "ChessBase"]
[SourceDate "2004.01.01"]

1. f4 c5 2. Nf3 Nc6 3. e4 g6 4. Bb5 Nd4 5. Nxd4 cxd4 6. O-O Bg7 7. d3 Nf6 8. h3
O-O 9. Nd2 d5 10. Ba4 dxe4 11. dxe4 d3 12. cxd3 Qxd3 13. e5 Nd5 14. Nf3 Qxd1
15. Rxd1 Rd8 16. Kf2 Bd7 17. Bb3 Bc6 18. Nd4 Be8 19. Nf5 gxf5 20. Rxd5 Bc6 21.
Rxd8+ Rxd8 22. Be3 a6 23. Rc1 h5 24. h4 e6 25. Bc4 Rc8 26. Be2 f6 27. Bd4 Rd8
28. Rd1 fxe5 29. Bxe5 Rxd1 30. Bxd1 Bxe5 31. fxe5 Be8 32. Bf3 b6 33. Ke3 Kg7
34. Kf4 Kg6 35. Bb7 a5 36. Bc8 Bf7 37. Bd7 Kh6 38. Bc6 Kg6 39. Ke3 Kg7 40. a3
Kg6 41. Kd4 f4 42. Ke4 Kh6 43. Kxf4 Bg6 44. Ke3 Bc2 45. Kd4 Bd1 46. Kc3 Be2 47.
b4 axb4+ 48. Kxb4 Kg6 49. Bb5 Bg4 50. Bd3+ Bf5 51. Be2 Be4 52. g4 hxg4 53. Bxg4
Bf5 54. h5+ 1-0

[Event "NED-ch 1995"]
[Site "Amsterdam"]
[Date "1995.??.??"]
[Round "6"]
[White "Sosonko, Gennadi"]
[Black "Cifuentes Parada, Roberto"]
[Result "1/2-1/2"]
[WhiteElo "2535"]
[BlackElo "2535"]
[PlyCount "41"]
[EventDate "1995.06.??"]
[Source "ChessBase"]
[SourceDate "2004.01.01"]

1. d4 d5 2. Nf3 Nf6 3. c4 e6 4. g3 c6 5. Bg2 Nbd7 6. O-O Be7 7. Nc3 O-O 8. b3
b6 9. Bb2 Bb7 10. Qc2 Rc8 11. Rad1 Qc7 12. e4 dxe4 13. Nxe4 Nxe4 14. Qxe4 c5
15. d5 Bf6 16. Qc2 exd5 17. cxd5 Bxb2 18. Qxb2 Qd6 19. Nd2 b5 20. Ne4 Qg6 21.
Rfe1 1/2-1/2

[Event "NED-ch 1995"]
[Site "Amsterdam"]
[Date "1995.??.??"]
[Round "6"]
[White "Van der Wiel, John"]
[Black "Brenninkmeijer, Joris"]
[Result "1/2-1/2"]
[WhiteElo "2570"]
[BlackElo "2490"]
[Annotator "Ribli"]
[PlyCount "52"]
[EventDate "1995.06.??"]
[Source "ChessBase"]
[SourceDate "2004.01.01"]

1. e4 c5 2. Nf3 e6 3. d4 cxd4 4. Nxd4 Nc6 5. Nc3 Qc7 6. Be2 a6 7. O-O Nf6 8.
Kh1 Nxd4 9. Qxd4 Bc5 10. Qd3 h5 (10... b5 $5) 11. f4 (11. Bg5 $5 b5 (11... Ng4
$5) 12. f4 Bb7 13. e5 $36 {Kasparov,G-Kengis,E/Riga Tal/1995/CBM47/}) 11... Ng4
12. e5 d6 (12... Nf2+ 13. Rxf2 Bxf2 14. Ne4 Bc5 15. Be3 $1 Be7 16. Nd6+ Bxd6
17. exd6 Qa5 18. Bf3 $44 {Van der Wiel,J-Ruzele,D/Moscow olm/1994/EXP44/}) 13.
exd6 (13. Bxg4 hxg4 14. Be3 Bxe3 15. Qxe3 dxe5 16. fxe5 f5 $13 {
Van der Wiel,J-Cramling,P/Haninge/1989/CBM13/}) 13... Qxd6 14. Qxd6 Bxd6 15.
Ne4 Be7 16. h3 Nf6 17. Bf3 Nxe4 18. Bxe4 {
Die weisse Stellung sieht etwas bequemer aus.} 18... Bc5 $5 19. b3 (19. Rd1 $5)
19... f6 20. Bb2 Ra7 21. b4 $5 {Dieses interessante -vorlaeufige- Bauernopfer
bringt nicht viel fuer den Anziehenden.} 21... Bxb4 22. Bd4 Ra8 23. Rab1 Bd6 $1
24. Bxb7 Bxb7 25. Rxb7 O-O 26. Rb6 Rfd8 {
Schwarz konnte ohne grosse Muehe das Gleichgewicht halten.} 1/2-1/2

[Event "NED-ch 1995"]
[Site "Amsterdam"]
[Date "1995.??.??"]
[Round "6"]
[White "Wiersma, Eelke"]
[Black "Van der Sterren, Paul"]
[Result "1/2-1/2"]
[WhiteElo "2180"]
[BlackElo "2560"]
[Annotator "Wedberg"]
[PlyCount "86"]
[EventDate "1995.06.??"]
[Source "ChessBase"]
[SourceDate "2004.01.01"]

1. e4 e5 2. Nf3 Nc6 3. Bb5 a6 4. Ba4 Nf6 5. O-O Be7 6. Bxc6 dxc6 7. Qe1 c5 8.
Nxe5 Qd4 9. Nf3 Qxe4 10. Qxe4 Nxe4 11. Re1 Nf6 (11... Nd6 12. Nc3 Be6 (12...
Kd8 $6 13. d4 c4 14. Bf4 Re8 15. b3 cxb3 16. axb3 $16 {
Christiansen,L-Nunn,J/FRG-ch/1989}) 13. d4 cxd4 14. Nxd4 O-O-O 15. Nxe6 fxe6
16. Rxe6 Bf6 17. Bf4 Nc4 $44 {Svensson,B-Ornstein,A/SVE-ch/1991}) 12. b3 Bg4 (
12... b6 13. Bb2 Be6 14. Ng5 Bd7 15. c4 Kf8 16. d4 Re8 17. Nf3 $13 {
Anand,V-Short,N/Tilburg/1991}) 13. Ba3 Nd7 (13... Kf8 14. d4 Bxf3 15. gxf3 Nd5
$10 {Vadasz-Portisch/Hungary/1968}) 14. d4 Bxf3 15. gxf3 Kd8 16. Nc3 Bf6 17.
Nd5 Bxd4 18. Rad1 $14 a5 19. c3 Be5 20. Bxc5 $1 Ra6 (20... Nxc5 21. Rxe5 $16)
21. Be7+ $1 (21. f4 Bd6 22. Bxd6 Rxd6 $10) 21... Kc8 22. f4 Bf6 (22... Bd6 23.
Bxd6 Rxd6 24. Ne7+ Kb8 25. Rxd6 cxd6 26. Nf5 $16) 23. Bxf6 Nxf6 24. Re7 Rd8 (
24... Nxd5 25. Rxd5 Rf8 26. Rdd7 $16) 25. Rxc7+ Kb8 26. Rc5 $16 Rad6 27. c4 b6
28. Rb5 Nxd5 29. Rbxd5 Rxd5 30. cxd5 Kc7 31. Kg2 Kd6 32. Rc1 Rb8 (32... Kxd5 $4
33. Rd1+ $18) 33. Kf3 Kxd5 34. Rc7 Rf8 35. Ke3 $2 (35. f5 $1 Ke5 36. Kg4 $16)
35... g6 $10 36. Kd3 Kd6 37. Rb7 Kc6 38. Re7 Rd8+ 39. Kc4 b5+ 40. Kc3 b4+ 41.
Kc2 Rd5 42. Rxf7 Rh5 43. Kd3 Rxh2 1/2-1/2

[Event "NED-ch 1995"]
[Site "Amsterdam"]
[Date "1995.??.??"]
[Round "7"]
[White "Brenninkmeijer, Joris"]
[Black "Reinderman, Dimitri"]
[Result "1/2-1/2"]
[WhiteElo "2490"]
[BlackElo "2440"]
[PlyCount "67"]
[EventDate "1995.06.??"]
[Source "ChessBase"]
[SourceDate "2004.01.01"]

1. d4 f5 2. g3 Nf6 3. Bg2 g6 4. c4 Bg7 5. Nc3 O-O 6. Nh3 d6 7. d5 Ng4 8. Qc2
Ne5 9. b3 Na6 10. Bb2 Bd7 11. Nf4 c6 12. O-O Kh8 13. Nd3 Nxd3 14. Qxd3 Nc5 15.
Qd2 Qb6 16. e4 Qb4 17. Rae1 f4 18. dxc6 Bxc6 19. gxf4 b5 20. Qe3 bxc4 21. Nd5
Bxd5 22. Bxg7+ Kxg7 23. exd5 Rae8 24. Qd4+ Rf6 25. Re3 Qb7 26. Qxc4 Ref8 27.
Rfe1 R8f7 28. b4 Na6 29. Qc6 Qb6 30. a3 Rxf4 31. Qxb6 axb6 32. R1e2 Nc7 33.
Rxe7 Rd4 34. Kf1 1/2-1/2

[Event "NED-ch 1995"]
[Site "Amsterdam"]
[Date "1995.??.??"]
[Round "7"]
[White "Nijboer, Friso"]
[Black "Van Wely, Loek"]
[Result "1/2-1/2"]
[WhiteElo "2510"]
[BlackElo "2575"]
[PlyCount "72"]
[EventDate "1995.06.??"]
[Source "ChessBase"]
[SourceDate "2004.01.01"]

1. e4 c5 2. Nf3 d6 3. d4 cxd4 4. Nxd4 Nf6 5. Nc3 a6 6. Bg5 e6 7. f4 Qb6 8. a3
Nc6 9. Nb3 Qe3+ 10. Qe2 Qxe2+ 11. Bxe2 b5 12. O-O-O h6 13. Bxf6 gxf6 14. Bh5
Rg8 15. g3 Bb7 16. Rhf1 Ke7 17. Rde1 Bg7 18. Nd5+ Kf8 19. Nb4 Rc8 20. c3 Ke7
21. Rf2 Rgd8 22. Rd2 Ke8 23. Kb1 Bf8 24. Nxc6 Bxc6 25. Nd4 Bd7 26. f5 Ke7 27.
fxe6 Bxe6 28. Nf5+ Kd7 29. Ne3 Re8 30. Rf1 Rc5 31. Nd5 Bg7 32. g4 Bxd5 33. exd5
Re7 34. Rf4 Ke8 35. Kc2 Re5 36. Rf5 Ke7 1/2-1/2

[Event "NED-ch 1995"]
[Site "Amsterdam"]
[Date "1995.??.??"]
[Round "7"]
[White "Piket, Jeroen"]
[Black "Van der Wiel, John"]
[Result "1-0"]
[WhiteElo "2670"]
[BlackElo "2570"]
[Annotator "Ribli"]
[PlyCount "87"]
[EventDate "1995.06.??"]
[Source "ChessBase"]
[SourceDate "2004.01.01"]

1. d4 {King} 1... d6 2. c4 e5 3. Nf3 e4 4. Ng5 Nf6 5. Nc3 Bf5 6. g4 $1 {
Es ist am Schaerfsten.} (6. f3 exf3 7. exf3 Be7 8. Bd3 Bxd3 9. Qxd3 c6 10. O-O
d5 $10 {Delemarre,J-Van der Wiel,J/Wijk op/1995/CBM46/INF62,(62)/}) 6... Bxg4
7. Bg2 Be7 8. Ngxe4 Nxe4 9. Nxe4 Nc6 10. Ng3 $5 {Das ist eine Neuerung.} (10.
O-O Qd7 11. Ng3 Bf6 12. d5 Ne7 13. a4 Ng6 14. Ra3 O-O-O 15. a5 $36 {
Nikolic,P-Benjamin,J/Horgen CS/1994/CBM43/INF61,73/}) 10... Bf6 11. Be3 O-O 12.
Qd2 Rb8 13. h3 Bd7 14. Nh5 Bh4 15. Rg1 g6 16. O-O-O $5 Kh8 17. Nf4 Ne7 18. Be4
$1 Nf5 19. Bxf5 $1 {Natuerlich soll Weiss seine schwarzfeldrigen B behalten,
weil er ihn zum Angriff braucht.} 19... Bxf5 20. d5 Bf6 21. Bd4 Be5 (21... Re8
$5) 22. e4 $1 Bd7 (22... Bxe4 23. Qe3 Bf5 24. Bxe5+ dxe5 25. Qxe5+ f6 26. Qd4
$40) 23. Bxe5+ dxe5 24. Nd3 Qe7 25. h4 {Droht /\ h5.} 25... f6 26. b3 Rbe8 27.
Kb2 {King A tidy move, but also a move that says, 'okay, are you actually
doing anything in this position?'. Van der Wiel, not backward about coming
forward, lunges, but it misfires badly.} 27... f5 $6 {In einer etwas
unbequemen Stellung verliert Schwarz die Geduld und strebt eine gewaltsame
Loesung an, die fuer Schwarz wegen dessen schlechter Koenigstellung unguenstig
endet.} 28. f4 $1 fxe4 (28... exf4 29. e5 $16 {
Der Anziehende steht mit dem Bauernpulk im Zentrum klar besser.}) 29. Nxe5 Qg7
30. h5 $1 {King The standard line opening. Black cannot defend himself.} 30...
e3 {In einer schwierigen Lage versucht Schwarz im Trueben zu fischen.} (30...
Bf5 31. hxg6 hxg6 32. Qc3 $16) 31. Qxe3 Rxf4 32. Qxf4 Rxe5 33. Qd4 Rxh5 {
Der Nachziehende hofft auf seine Koenigsfluegelbauern.} 34. Rge1 $1 {
Weiss besetzt die sehr wichtige e-Linie.} 34... Rh2+ 35. Ka3 Qxd4 36. Rxd4 Bf5
37. Re8+ Kg7 38. Re7+ Kf6 39. Rxc7 a5 40. Rxb7 Bb1 41. Ka4 Rxa2+ 42. Kb5 h5 43.
d6 Ra3 44. d7 {Die neue weisse Eroeffnungsidee (Ng3 und 0-0-0) wiederlegt das
schwarze Spielkonzept. Soll Schwarz diese Variante vergessen?} 1-0

[Event "NED-ch 1995"]
[Site "Amsterdam"]
[Date "1995.??.??"]
[Round "7"]
[White "Riemersma, Liafbern"]
[Black "Wiersma, Eelke"]
[Result "1-0"]
[WhiteElo "2430"]
[BlackElo "2180"]
[PlyCount "50"]
[EventDate "1995.06.??"]
[Source "ChessBase"]
[SourceDate "2004.01.01"]

1. e4 c5 2. Nf3 Nc6 3. d4 cxd4 4. Nxd4 Nf6 5. Nc3 e5 6. Ndb5 d6 7. a4 h6 8. Bc4
Be6 9. Nd5 Rc8 10. O-O Nxe4 11. Be3 Nf6 12. f4 Ng4 13. Ra3 Nxe3 14. Rxe3 Bxd5
15. Qxd5 Qb6 16. Qxf7+ Kd8 17. Rfe1 Be7 18. Kh1 Rf8 19. Qxg7 Rxf4 20. Rf3 Rxf3
21. gxf3 Nd4 22. Qg8+ Kd7 23. Qg4+ Kd8 24. Qg8+ Kd7 25. Qg4+ Kd8 1-0

[Event "NED-ch 1995"]
[Site "Amsterdam"]
[Date "1995.??.??"]
[Round "7"]
[White "Van der Sterren, Paul"]
[Black "Sosonko, Gennadi"]
[Result "1/2-1/2"]
[WhiteElo "2560"]
[BlackElo "2535"]
[PlyCount "77"]
[EventDate "1995.06.??"]
[Source "ChessBase"]
[SourceDate "2004.01.01"]

1. d4 Nf6 2. c4 e6 3. Nc3 Bb4 4. e3 c5 5. Bd3 d5 6. Nf3 O-O 7. O-O Nc6 8. a3
Bxc3 9. bxc3 dxc4 10. Bxc4 Qc7 11. Bd3 e5 12. Qc2 Re8 13. dxe5 Nxe5 14. Nxe5
Qxe5 15. f3 Bd7 16. a4 Rad8 17. e4 Bc6 18. Re1 Nd5 19. Bd2 Nf4 20. Bf1 c4 21.
Bxf4 Qxf4 22. Qa2 Rd2 23. Qxc4 g5 24. Qc5 g4 25. fxg4 a6 26. a5 Re5 27. Qe3
Qxe3+ 28. Rxe3 Rc2 29. c4 Rxe4 30. Rxe4 Bxe4 31. Re1 Bc6 32. Re5 f6 33. Rf5 Ra2
34. h3 Kg7 35. Kh2 Be4 36. Rc5 Ra1 37. Be2 Ra2 38. Bf1 Ra1 39. Be2 1/2-1/2

[Event "NED-ch 1995"]
[Site "Amsterdam"]
[Date "1995.??.??"]
[Round "8"]
[White "Nijboer, Friso"]
[Black "Cifuentes Parada, Roberto"]
[Result "1/2-1/2"]
[WhiteElo "2510"]
[BlackElo "2535"]
[PlyCount "104"]
[EventDate "1995.06.??"]
[Source "ChessBase"]
[SourceDate "2004.01.01"]

1. e4 e5 2. Nf3 Nc6 3. Nc3 Nf6 4. Bb5 Nd4 5. Ba4 Nxf3+ 6. Qxf3 Bb4 7. Ne2 O-O
8. c3 Ba5 9. d3 d5 10. h3 dxe4 11. dxe4 Ne8 12. Ng3 Nd6 13. Bc2 Bb6 14. a4 a5
15. b3 Bc5 16. Be3 Bxe3 17. Qxe3 Qe7 18. O-O f6 19. c4 g6 20. c5 Nf7 21. Rab1
Be6 22. Bd3 Kg7 23. Rfc1 Nd8 24. Bb5 c6 25. Bd3 Bg8 26. Ne2 Ne6 27. Bc4 Rfd8
28. Bxe6 Bxe6 29. Qc3 Qc7 30. b4 axb4 31. Qxb4 Ra7 32. Rb2 Bc8 33. f3 Qa5 34.
Qxa5 Rxa5 35. Rc4 Rd1+ 36. Kf2 Kf7 37. Nc1 Rd4 38. Rxd4 exd4 39. Nd3 Rxa4 40.
Rb4 Rxb4 41. Nxb4 Ke6 42. f4 b6 43. cxb6 Kd6 44. g4 c5 45. Nd5 f5 46. Nf6 fxe4
47. Nxe4+ Kc6 48. f5 gxf5 49. gxf5 Bxf5 50. b7 Kc7 51. Nxc5 Bxh3 52. Nb3 Kxb7
1/2-1/2

[Event "NED-ch 1995"]
[Site "Amsterdam"]
[Date "1995.??.??"]
[Round "8"]
[White "Reinderman, Dimitri"]
[Black "Piket, Jeroen"]
[Result "1/2-1/2"]
[WhiteElo "2440"]
[BlackElo "2670"]
[Annotator "King"]
[PlyCount "27"]
[EventDate "1995.06.??"]
[Source "ChessBase"]
[SourceDate "2004.01.01"]

1. e4 e5 2. Nf3 d6 3. d4 exd4 4. Nxd4 g6 5. Nc3 Bg7 6. Be3 Nf6 7. Qd2 O-O 8.
O-O-O Nc6 9. f3 a6 10. h4 Ne5 11. Bh6 Bxh6 12. Qxh6 c6 13. h5 Qe7 14. Be2 {
I imagine that Piket was glad to accpt a draw in this position. White has a
free attack down the h-file, and for the moment, Black has no counterplay on
the other wing.} 1/2-1/2